000 01283nam a22003497a 4500
001 BR8000601
003 BR-BrBNA
005 20230928090531.0
007 ta
008 230509b bl.||||| |||| 00| 0 por d
040 _aBR-BrBNA
_bpor
_cBiblioteca Nacional de Agricultura
041 _a(Por)
072 _aE70; E30; E15
_b5212
_b/G514
090 _ 5212 BR8000601
110 1 _aFundacao Joao Pinheiro, Belo Horizonte, MG (Brasil);
_94974
110 1 _aSecretaria Nacional de Planejamento Agricola, Brasilia, DF (Brasil)
_99209
245 1 _aPrograma Nacional de Pecuaria, v. 18: Sintese do Programa Nacional de Pecuaria [Mercado; Preco; Desenvolvimento agricola; Sistema de producao; Brasil]
246 1 _a[National Programme of Cattle Breeding, v. 18: Synthesis of the National Programme of Cattle Breeding [Market; Price; Agricultural development; Production system; Brazil]]
260 3 _aBelo Horizonte, MG (Brasil):
_c1979.
300 _a86 p.
500 _a6 TABLES
650 _aComercializacao
650 _aDesenvolvimento agricola
650 _aMicroeconomia
650 _aMercado
650 _aPreco
650 _aPecuaria
650 _aPolitica economica
650 _aSistema de producao
909 _a202309
_bLucia
_c55
_dLucia Elande
942 _cBK
999 _c29242
_d29242